Bargaining for reality : the construction of social relations in a muslim community

Αποθηκεύτηκε σε:
Λεπτομέρειες βιβλιογραφικής εγγραφής
Κύριος συγγραφέας: Rosen, Lawrence 1941-
Μορφή: Βιβλίο
Γλώσσα:English
Δημοσίευση: Chicago : The University of Chicago Press, 1984
Θέματα:
Ετικέτες: Προσθήκη ετικέτας
Δεν υπάρχουν, Καταχωρήστε ετικέτα πρώτοι!

MARC

LEADER 00000nam a2200000 i 4500
001 1/5324
008 960527s1984 eng d
020 |a 0-226-72611-8 
035 |l 10015964 
040 |a GR-MY-UA  |b gre  |e aacr 
041 0 |a eng 
082 0 |a 306.09643 
100 1 |a Rosen, Lawrence  |d 1941- 
245 1 0 |a Bargaining for reality :  |b the construction of social relations in a muslim community /  |c Lawrence Rosen 
260 |a Chicago :   |b The University of Chicago Press,   |c 1984 
300 |a 210 p. 
504 |a Includes bibliographical references and index 
651 0 |a Sefrou (Morocco)  |x Social life and customs. 
852 |a INST  |b LESVOS  |e 19960527  |h 306.09643 ROS  |p 005100010135  |q 005100010135  |t BK  |y 0 
909 |a Λ  |b 012153